V súlade s pravidlami európskeho trhu

O možnostiach a obmedzeniach poskytovania štátnej pomoci podnikateľom. V znení zákona č. 434/2001 Z.z. sú záväzky vyplývajúce z Európskej dohody o pridružení, uzatvorenej medzi Európskymi spoločenstvami (ES) a ich členskými štátmi a SR. Neschválenie pomoci znamená jej neplatnosť. Schvaľovací proces....

ver descrição completa

Na minha lista:
Detalhes bibliográficos
Autor principal: Hajdani, Gejza
Formato: Capítulo de Livro
Idioma:eslovaco
Assuntos:
Tags: Adicionar Tag
Sem tags, seja o primeiro a adicionar uma tag!

MARC

LEADER 00000naa a2200000 4500
001 r046799
005 20230927092103.1
041 0 |a slo 
044 |a SK 
245 1 0 |a V súlade s pravidlami európskeho trhu  |c Gejza Hajdani 
520 |a O možnostiach a obmedzeniach poskytovania štátnej pomoci podnikateľom. V znení zákona č. 434/2001 Z.z. sú záväzky vyplývajúce z Európskej dohody o pridružení, uzatvorenej medzi Európskymi spoločenstvami (ES) a ich členskými štátmi a SR. Neschválenie pomoci znamená jej neplatnosť. Schvaľovací proces. Kedy sa schvaľovanie nevyžaduje. 
610 2 0 |a pomoc štátna 
610 2 0 |a podnikatelia 
610 2 0 |a zákony 
610 2 0 |a Slovensko 
610 2 0 |a Európske spoločenstvá 
100 1 |a Hajdani, Gejza